| 000 | 00700cam a2200313 4500 | ||
|---|---|---|---|
| 008 | 090401t1991 xxu||||| |||| 00| 0 eng d | ||
| 020 | _a0851217060 | ||
| 035 | _a(Sirsi) u27180 | ||
| 041 | _aeng | ||
| 050 | _a346.410433 | ||
| 100 | _aEdmonds, James | ||
| 245 | _aInternational timesharing | ||
| 250 | _a3rd ed. | ||
| 260 |
_aLondon _bLongman _c1991 |
||
| 300 | _axxvi,662p. ; 24cm. | ||
| 350 | _a47.5 | ||
| 650 | _aBERMUDA | ||
| 650 | _aFRANCE | ||
| 650 | _aGREECE | ||
| 650 | _aITALY | ||
| 650 | _aLAW | ||
| 650 | _aMALTA | ||
| 650 | _aPORTUGAL | ||
| 650 | _aSOUTH AFRICA | ||
| 650 | _aSPAIN | ||
| 650 | _aUNITED STATES OF AMERICA | ||
| 942 | _n0 | ||
| 948 | _c04/03/1997 | ||
| 999 |
_c89064 _d89064 |
||